[Event "7th Africa-ch"]
[Site "Tripoli LBA"]
[Date "2009.07.25"]
[Round "5"]
[White "Obiamiwe, Paul"]
[Black "De Gondo, Simplice Armel"]
[Result "0-1"]
[WhiteElo "2043"]
[BlackElo "2432"]
[EventDate "2009.07.21"]
[PlyCount "92"]

1.e4 c5 2.Nf3 d6 3.d4 cxd4 4.Nxd4 Nf6 5.Nc3 a6 6.f4 Qc7 7.Nf3 e6 8.a4 Nc6 
9.Be3 Ng4 10.Bg1 Be7 11.h3 Nf6 12.Qd2 b6 13.Be3 Bb7 14.Qf2 Nd7 15.Bd3 Nb4 
16.O-O Nc5 17.Rad1 O-O-O 18.Kh1 h6 19.Bd4 Rhg8 20.Nd2 d5 21.e5 Ncxd3 22.
cxd3 Nxd3 23.Qe3 Nxb2 24.Rb1 Nc4 25.Nxc4 dxc4 26.Bxb6 Qc6 27.Qf2 Rd3 28.
Ne2 Rxh3+ 29.Kg1 Bh4 30.Qc5 Qxc5+ 31.Bxc5 Rb3 32.Rxb3 cxb3 33.Rb1 Bd5 34.
g3 Bd8 35.Nd4 g5 36.f5 Bc7 37.Bd6 Bxd6 38.exd6 Kd7 39.fxe6+ fxe6 40.Kf2 
Kxd6 41.Ke3 Rc8 42.Kd2 Rc4 43.Nxb3 Rb4 44.Kc3 Rxb3+ 45.Rxb3 Bxb3 46.Kxb3 
h5 0-1

[Event "7th Africa-ch"]
[Site "Tripoli LBA"]
[Date "2009.07.25"]
[Round "5"]
[White "Salem, Ali Maoloud"]
[Black "Niazi, Nehad"]
[Result "0-1"]
[WhiteElo "2131"]
[BlackElo "2237"]
[EventDate "2009.07.21"]
[PlyCount "90"]

1.e4 c6 2.d4 d5 3.Nc3 dxe4 4.Nxe4 Nd7 5.Bd3 Ndf6 6.Ne2 Nxe4 7.Bxe4 Nf6 8.
Bd3 Bf5 9.O-O Bxd3 10.Qxd3 e6 11.b3 Be7 12.Bb2 O-O 13.Rad1 Qc7 14.Qh3 Rfd8
15.c4 Qa5 16.Nf4 Ba3 17.Ba1 Qg5 18.Nd3 Bd6 19.Ne5 Bxe5 20.dxe5 Nh5 21.Rd6 
Nf4 22.Qf3 Ng6 23.Rfd1 Rxd6 24.exd6 Rd8 25.g3 f6 26.Qe4 Kf7 27.b4 Qh5 28.
Rd2 a5 29.a3 Nf8 30.Bc3 axb4 31.axb4 Nd7 32.Re2 Qh3 33.Re3 h5 34.f3 Nf8 
35.Qd4 Ra8 36.Re2 Nd7 37.Qe3 Ra3 38.Qc1 Rb3 39.Qc2 Ra3 40.Qb2 Ra8 41.c5 h4
42.Qc2 hxg3 43.hxg3 Rh8 44.Rg2 Qh1+ 45.Kf2 Rh2 0-1

[Event "7th Africa-ch"]
[Site "Tripoli LBA"]
[Date "2009.07.25"]
[Round "5"]
[White "Solomon, Kenny"]
[Black "Farahat, Ali"]
[Result "1/2-1/2"]
[WhiteElo "2351"]
[BlackElo "2397"]
[EventDate "2009.07.21"]
[PlyCount "106"]

1.d4 d5 2.Nf3 Nf6 3.c4 c6 4.Nc3 e6 5.Bg5 Nbd7 6.e3 Qa5 7.cxd5 exd5 8.Bd3 
Ne4 9.Qc2 Nxg5 10.Nxg5 Be7 11.Nf3 Nf6 12.O-O O-O 13.a3 Qd8 14.b4 a6 15.Ne5
Bd6 16.f4 a5 17.b5 c5 18.Na4 c4 19.Be2 g6 20.Bf3 Bf5 21.Qb2 Qe7 22.Rfe1 
Rad8 23.Nc3 Bb8 24.b6 Be6 25.Qb5 Bd6 26.Qb2 Ra8 27.h3 Rfd8 28.g4 Kh8 29.g5
Ne8 30.Qg2 f6 31.gxf6 Nxf6 32.Qg5 Rf8 33.Qh4 Qg7 34.Nb5 Rad8 35.Kh1 Be7 
36.Qg3 Bf5 37.Nc3 Qh6 38.Kh2 Nh5 39.Qg2 Bh4 40.Nxd5 Bxe1 41.Rxe1 Be6 42.
Nc7 Bg8 43.d5 c3 44.Bxh5 Qxh5 45.Rc1 g5 46.Qxg5 Qxg5 47.fxg5 Bxd5 48.Rxc3 
Be4 49.Ne6 Rc8 50.Nf7+ Kg8 51.Nh6+ Kh8 52.Nf7+ Kg8 53.Nh6+ Kh8 1/2-1/2

[Event "7th Africa-ch"]
[Site "Tripoli LBA"]
[Date "2009.07.25"]
[Round "5"]
[White "Solomons, Deon"]
[Black "Van den Heever, Donovan"]
[Result "0-1"]
[WhiteElo "2210"]
[BlackElo "2254"]
[EventDate "2009.07.21"]
[PlyCount "109"]

1.d4 d5 2.Bf4 Nf6 3.e3 c5 4.c3 Nc6 5.Nf3 Bg4 6.Nbd2 e6 7.Qb3 Qb6 8.Ne5 
Nxe5 9.Bxe5 Qxb3 10.axb3 Nd7 11.Bb5 f6 12.Bg3 a6 13.O-O Rc8 14.Bd3 Be7 15.
f3 Bh5 16.Rfe1 O-O 17.Bf2 Kf7 18.Rad1 Rfe8 19.e4 Bg6 20.exd5 exd5 21.Bxg6+
Kxg6 22.Nf1 c4 23.bxc4 dxc4 24.d5 Bc5 25.Nd2 Rxe1+ 26.Rxe1 Ne5 27.Re4 
Bxf2+ 28.Kxf2 Nd3+ 29.Ke3 Nxb2 30.Kd4 b5 31.d6 a5 32.Kd5 Na4 33.d7 Nb6+ 
34.Ke6 Rc6+ 35.Ke7 Rc7 36.Rd4 b4 37.Nb1 Kf5 38.Ke8 Rxd7 39.Rxd7 Nxd7 40.
Kxd7 Ke5 41.Kc6 bxc3 42.Nxc3 Kd4 43.Na2 Ke3 44.Kd5 Kf2 45.Kxc4 Kxg2 46.f4 
Kxh2 47.Nc3 Kg3 48.Nd5 h5 49.f5 h4 50.Nc3 h3 51.Kd5 a4 52.Ke6 a3 53.Kf7 a2
54.Nxa2 h2 55.Kxg7 0-1

[Event "7th Africa-ch"]
[Site "Tripoli LBA"]
[Date "2009.07.25"]
[Round "5"]
[White "Wageih, Kareim"]
[Black "Shebsh, Abdullatief Mohamed"]
[Result "1-0"]
[WhiteElo "2253"]
[BlackElo "2193"]
[EventDate "2009.07.21"]
[PlyCount "97"]

1.d4 Nf6 2.Nf3 b6 3.c4 Bb7 4.Nc3 e6 5.e3 Bb4 6.Bd3 Ne4 7.Qc2 f5 8.O-O Nxc3
9.bxc3 Bxf3 10.gxf3 Bd6 11.f4 O-O 12.Kh1 Qh4 13.Rg1 Rf6 14.Bb2 Nc6 15.Rg2 
Kh8 16.Rag1 Rg8 17.c5 bxc5 18.dxc5 Bxc5 19.c4 Nb4 20.Bxf6 Qxf6 21.Qd2 d6 
22.Bf1 Nc6 23.Qe2 Ne7 24.Qh5 g6 25.Qh6 a5 26.h4 Rg7 27.h5 Ng8 28.Qg5 Qxg5 
29.Rxg5 Ne7 30.Be2 Rg8 31.hxg6 hxg6 32.Bh5 Kh7 33.R1g2 Kh6 34.Kg1 e5 35.
fxe5 dxe5 36.e4 fxe4 37.Rxe5 Bd6 38.Re6 Kxh5 39.c5 Nf5 40.cxd6 cxd6 41.
Rxe4 Rb8 42.Reg4 Rb1+ 43.Kh2 Nh4 44.R2g3 Rb5 45.Kh3 g5 46.f4 Nf5 47.Rxg5+ 
Kh6 48.Rd3 Rc5 49.Kg4 1-0

[Event "7th Africa-ch"]
[Site "Tripoli LBA"]
[Date "2009.07.27"]
[Round "6"]
[White "Abdel Razik, Khaled"]
[Black "El-Gindy, Essam"]
[Result "1/2-1/2"]
[WhiteElo "2462"]
[BlackElo "2501"]
[EventDate "2009.07.21"]
[PlyCount "68"]

1.d4 Nf6 2.Nf3 b6 3.Bf4 Bb7 4.e3 e6 5.Nbd2 Be7 6.h3 O-O 7.Bd3 c5 8.c3 d6 
9.Qe2 Nc6 10.O-O Rc8 11.Bh2 Re8 12.Bb5 Bf8 13.Rfd1 cxd4 14.exd4 Ra8 15.a4 
Qc7 16.Ba6 Bxa6 17.Qxa6 Rac8 18.Re1 Na5 19.Bg3 Nc4 20.Nxc4 Qxc4 21.Qxc4 
Rxc4 22.Kf1 a6 23.Ke2 Rec8 24.Kd3 R4c6 25.Bf4 Nd5 26.Bd2 h6 27.Rec1 Nf6 
28.Be3 Nd5 29.Bd2 Nf6 30.Be3 d5 31.b3 Bd6 32.c4 Bb4 33.Ne5 R6c7 34.f3 a5 
1/2-1/2

[Event "7th Africa-ch"]
[Site "Tripoli LBA"]
[Date "2009.07.27"]
[Round "6"]
[White "Asabri, Hussein"]
[Black "Shebsh, Abdullatief Mohamed"]
[Result "1/2-1/2"]
[WhiteElo "2220"]
[BlackElo "2193"]
[EventDate "2009.07.21"]
[PlyCount "64"]

1.d4 Nf6 2.Nf3 g6 3.c4 Bg7 4.g3 O-O 5.Bg2 d5 6.cxd5 Nxd5 7.O-O Nc6 8.Nc3 
Nb6 9.d5 Na5 10.e4 c6 11.Be3 Nac4 12.Bc1 c5 13.Qe2 Bg4 14.h3 Bxf3 15.Qxf3 
Ne5 16.Qe2 c4 17.Rb1 Rc8 18.Be3 Nd3 19.Nb5 a6 20.Nc3 Nd7 21.f4 b5 22.e5 
N7c5 23.Ne4 Nxe4 24.Bxe4 Nc5 25.Bf3 e6 26.d6 Nd7 27.Bb7 Rb8 28.Bf3 Qa5 29.
a3 Rbc8 30.Bd2 Qb6+ 31.Be3 Qa5 32.Bd2 Qb6+ 1/2-1/2

[Event "7th Africa-ch"]
[Site "Tripoli LBA"]
[Date "2009.07.27"]
[Round "6"]
[White "Belkhodja, Slim"]
[Black "Abdelnabbi, Imed"]
[Result "1-0"]
[WhiteElo "2467"]
[BlackElo "2452"]
[EventDate "2009.07.21"]
[PlyCount "83"]

1.e4 e6 2.d3 d5 3.Qe2 Nf6 4.Nf3 c5 5.g3 Be7 6.Bg2 Nc6 7.O-O b6 8.e5 Nd7 9.
c4 d4 10.Ne1 Bb7 11.f4 Qc7 12.Nf3 g6 13.Nbd2 a6 14.Ne4 b5 15.b3 b4 16.Bd2 
a5 17.g4 O-O-O 18.Be1 h6 19.Bg3 Rdg8 20.a3 Qd8 21.axb4 axb4 22.Ra2 Qb6 23.
h3 Kc7 24.Nd6 Bxd6 25.exd6+ Kxd6 26.f5+ Ke7 27.fxe6 fxe6 28.Ne5 Ncxe5 29.
Bxe5 Bxg2 30.Kxg2 Nxe5 31.Qxe5 Ra8 32.Re2 Qc6+ 33.Kg3 Rhe8 34.Rf6 Kd7 35.
Rxg6 Ra3 36.Rg7+ Kc8 37.Rf2 Rd8 38.Rff7 Qd6 39.Qxd6 Rxd6 40.Kf4 Rxb3 41.
Ke5 Rd8 42.Rb7 1-0

[Event "7th Africa-ch"]
[Site "Tripoli LBA"]
[Date "2009.07.27"]
[Round "6"]
[White "Chahrani, Ibrahim"]
[Black "Oatlhotse, Providence"]
[Result "0-1"]
[WhiteElo "2280"]
[BlackElo "2164"]
[EventDate "2009.07.21"]
[PlyCount "112"]

1.e4 c5 2.Nf3 d6 3.d4 cxd4 4.Qxd4 a6 5.c4 Nc6 6.Qd1 Nf6 7.Nc3 g6 8.h3 Bg7 
9.Be3 O-O 10.Be2 Be6 11.O-O Rc8 12.Rc1 Qa5 13.Qd2 Rfe8 14.Ng5 Bd7 15.f4 b5
16.a3 b4 17.Nd5 bxa3 18.b4 Nxb4 19.Qxb4 Qxb4 20.Nxb4 h6 21.Nf3 Nxe4 22.Bd4
e5 23.fxe5 dxe5 24.Ba1 Nc5 25.Nd2 Rcd8 26.Nd5 Bc6 27.Bf3 e4 28.Bxg7 Kxg7 
29.Be2 e3 30.Nf3 Bxd5 31.cxd5 Rxd5 32.Ra1 Ne6 33.Rxa3 Nf4 34.Re1 a5 35.Kf1
f5 36.Rea1 Nh5 37.Rxa5 Ng3+ 38.Ke1 Rxa5 39.Rxa5 Rb8 40.Ra1 Rb2 41.Nd4 Kf6 
42.Rd1 Ne4 43.Bf3 Nf2 44.Ra1 g5 45.Be2 Ke5 46.Nc6+ Kf4 47.Na5 Kg3 48.Nc4 
Rb3 49.Bf1 f4 50.Nd6 h5 51.Bc4 Rb2 52.Bd5 Nd3+ 53.Kf1 e2+ 54.Kg1 f3 55.
Bxf3 e1=Q+ 56.Rxe1 Nxe1 0-1

[Event "7th Africa-ch"]
[Site "Tripoli LBA"]
[Date "2009.07.27"]
[Round "6"]
[White "El-Kamel, Adel Mahmoud"]
[Black "Homrana, Mustafa"]
[Result "1-0"]
[WhiteElo "2239"]
[BlackElo "2114"]
[EventDate "2009.07.21"]
[PlyCount "45"]

1.d4 d5 2.Nf3 Nf6 3.c4 c6 4.Nc3 e6 5.cxd5 exd5 6.Qc2 Nbd7 7.Bf4 Be7 8.e3 
O-O 9.Bd3 c5 10.O-O c4 11.Be2 a6 12.a4 Bb4 13.b3 Bxc3 14.Qxc3 Ne4 15.Qb4 
a5 16.Qa3 Nc3 17.Rfe1 Nxe2+ 18.Rxe2 Nb6 19.Qc5 Qf6 20.Bd6 Re8 21.Qxb6 Bg4 
22.Bc7 Re6 23.Qxb7 1-0

[Event "7th Africa-ch"]
[Site "Tripoli LBA"]
[Date "2009.07.27"]
[Round "6"]
[White "Haddouche, Mohamed"]
[Black "Solomon, Kenny"]
[Result "1/2-1/2"]
[WhiteElo "2329"]
[BlackElo "2351"]
[EventDate "2009.07.21"]
[PlyCount "45"]

1.Nf3 Nf6 2.g3 d5 3.Bg2 c6 4.d3 Bf5 5.O-O h6 6.Nbd2 e6 7.e3 Be7 8.Qe2 O-O 
9.e4 Bh7 10.Re1 a5 11.e5 Nfd7 12.Nf1 Re8 13.h4 f6 14.Bf4 f5 15.h5 Na6 16.
Bh3 Rf8 17.Ne3 Qe8 18.Nd2 Kh8 19.Ng2 a4 20.Rf1 a3 21.b3 d4 22.g4 Nb4 23.
gxf5 1/2-1/2

[Event "7th Africa-ch"]
[Site "Tripoli LBA"]
[Date "2009.07.27"]
[Round "6"]
[White "Kaabi, Mejdi"]
[Black "Zaibi, Amir"]
[Result "1/2-1/2"]
[WhiteElo "2313"]
[BlackElo "2123"]
[EventDate "2009.07.21"]
[PlyCount "76"]

1.d4 b5 2.e4 Bb7 3.Nd2 a6 4.Ngf3 Nf6 5.Bd3 e6 6.c3 Be7 7.O-O c5 8.Qe2 Qc7 
9.a4 c4 10.Bc2 d6 11.Re1 Nbd7 12.Nf1 Nb6 13.axb5 axb5 14.Rxa8+ Bxa8 15.Ng3
h6 16.e5 dxe5 17.dxe5 Nfd7 18.Nh5 Bf8 19.Nf4 Nd5 20.Nd4 Nxf4 21.Bxf4 Qb7 
22.Qg4 g5 23.Be4 Qa6 24.Bxa8 Qxa8 25.Bg3 Qd5 26.Rd1 Be7 27.Qe2 Qb7 28.Qh5 
Nc5 29.h3 b4 30.cxb4 Qxb4 31.Nc6 Qxb2 32.Nxe7 Kxe7 33.Qf3 Rb8 34.Qf6+ Ke8 
35.Qh8+ Ke7 36.Qf6+ Ke8 37.Qh8+ Ke7 38.Qf6+ Ke8 1/2-1/2

[Event "7th Africa-ch"]
[Site "Tripoli LBA"]
[Date "2009.07.27"]
[Round "6"]
[White "Njili, Kamel"]
[Black "Simutowe, Amon"]
[Result "1/2-1/2"]
[WhiteElo "2318"]
[BlackElo "2481"]
[EventDate "2009.07.21"]
[PlyCount "78"]

1.e4 e6 2.d3 c5 3.Nf3 Nc6 4.g3 d5 5.Nbd2 Nf6 6.Bg2 Be7 7.O-O Qc7 8.Re1 
dxe4 9.dxe4 O-O 10.e5 Nd7 11.Qe2 b6 12.Ne4 Bb7 13.Bf4 Rfd8 14.Nfg5 Nd4 15.
Qh5 Bxg5 16.Bxg5 Qxe5 17.f4 Qc7 18.Bxd8 Rxd8 19.Rac1 g6 20.Qh4 Kg7 21.c3 
Nf5 22.Qg4 c4 23.Rcd1 Bxe4 24.Bxe4 Qc5+ 25.Kh1 Ne3 26.Qg5 Qxg5 27.fxg5 
Nxd1 28.Rxd1 Kf8 29.Rd4 Ke7 30.Rxc4 Nc5 31.Bf3 Rd3 32.Bg4 Rd2 33.b4 Nd3 
34.Kg1 Ne5 35.Re4 Nxg4 36.Rxg4 Rxa2 37.Rc4 Kd6 38.Rf4 Ke7 39.Rc4 Rd2 
1/2-1/2

[Event "7th Africa-ch"]
[Site "Tripoli LBA"]
[Date "2009.07.27"]
[Round "6"]
[White "Niazi, Nehad"]
[Black "Ranaivoharisoa, Alain"]
[Result "1/2-1/2"]
[WhiteElo "2237"]
[BlackElo "2083"]
[EventDate "2009.07.21"]
[PlyCount "118"]

1.d4 Nf6 2.c4 c5 3.d5 b5 4.cxb5 a6 5.bxa6 g6 6.Nc3 Bxa6 7.e4 Bxf1 8.Kxf1 
d6 9.Nf3 Bg7 10.g3 O-O 11.Kg2 Nbd7 12.Re1 Ra6 13.h3 Qa8 14.Bf4 Rb8 15.Re2 
Ne8 16.e5 dxe5 17.Nxe5 Nxe5 18.Bxe5 Bxe5 19.Rxe5 Rxb2 20.Rxe7 Nd6 21.Qe1 
Rb8 22.g4 Rd8 23.Rd1 Qc8 24.Rd3 c4 25.Rf3 Qc5 26.Qe5 Rf8 27.h4 Qc8 28.h5 
Qxg4+ 29.Rg3 Qf5 30.hxg6 hxg6 31.Qd4 f6 32.Qh4 Rf7 33.Rxf7 Nxf7 34.Qxc4 
Ra8 35.d6 Kg7 36.Ne4 Rd8 37.Qd4 Ne5 38.Rc3 g5 39.Ng3 Qg4 40.Rc7+ Kg6 41.
Qxg4 Nxg4 42.Rc6 Ne5 43.Ra6 Nc4 44.Ne4 Kf5 45.f3 Ke5 46.Kg3 g4 47.Ra4 Nxd6
48.Ra5+ Ke6 49.Nxd6 Rxd6 50.fxg4 Rd4 51.Ra6+ Kf7 52.Ra3 Kg6 53.Rf3 Ra4 54.
a3 Kg5 55.Rf5+ Kg6 56.Rf3 Kg5 57.Kh3 Rxg4 58.Rg3 Rxg3+ 59.Kxg3 Kf5 1/2-1/2

[Event "7th Africa-ch"]
[Site "Tripoli LBA"]
[Date "2009.07.27"]
[Round "6"]
[White "Obiamiwe, Paul"]
[Black "El-Zayat, Ahmed"]
[Result "1-0"]
[WhiteElo "2043"]
[BlackElo "1969"]
[EventDate "2009.07.21"]
[PlyCount "96"]

1.e4 e5 2.Nf3 Nc6 3.Bb5 a6 4.Ba4 Nf6 5.O-O d6 6.c3 Be7 7.Re1 b5 8.Bc2 O-O 
9.h3 Re8 10.d4 exd4 11.cxd4 Nb4 12.Bb3 Bb7 13.a3 Nc6 14.Nbd2 Na5 15.Bc2 c5
16.d5 c4 17.b3 cxb3 18.Nxb3 Nc4 19.Nbd2 Rc8 20.Nxc4 Rxc4 21.Bd3 Rc8 22.Bb2
Bf8 23.Qd2 Nd7 24.Rad1 f6 25.Nd4 Nc5 26.Bb1 Qd7 27.Ba1 Kh8 28.Kh2 Qf7 29.
Re3 g6 30.Ree1 Bg7 31.f3 Rc7 32.Ba2 Bc8 33.Qa5 Bh6 34.Re2 Bf4+ 35.g3 Be5 
36.f4 Bxd4 37.Rxd4 Rce7 38.Qe1 Bf5 39.e5 Bd3 40.Rxd3 Nxd3 41.Qd2 Nc5 42.e6
Qf8 43.g4 Kg8 44.Qd4 h6 45.g5 hxg5 46.fxg5 Kh7 47.Qh4+ Kg8 48.gxf6 Rxe6 
1-0

[Event "7th Africa-ch"]
[Site "Tripoli LBA"]
[Date "2009.07.27"]
[Round "6"]
[White "Rizouk, Aimen"]
[Black "Kobese, Watu"]
[Result "1/2-1/2"]
[WhiteElo "2506"]
[BlackElo "2391"]
[EventDate "2009.07.21"]
[PlyCount "116"]

1.e4 c5 2.Nf3 d6 3.d4 cxd4 4.Nxd4 Nf6 5.Nc3 g6 6.Be2 Bg7 7.O-O O-O 8.Be3 
Nc6 9.Qd2 Ng4 10.Bxg4 Bxg4 11.Nd5 Rc8 12.c4 Bd7 13.b3 f5 14.exf5 gxf5 15.
Rad1 Rf7 16.f4 e6 17.Nc3 a6 18.Nde2 Qa5 19.Rf3 Bf8 20.Rg3+ Rg7 21.Rxg7+ 
Kxg7 22.Qb2 Kg8 23.Na4 Qd8 24.Nb6 Rc7 25.c5 dxc5 26.Qd2 Nb8 27.Ng3 Qe8 28.
a4 Bc6 29.Qd8 Rd7 30.Rxd7 Bxd7 31.Qc7 Bc6 32.Nc8 Nd7 33.a5 Bd5 34.Nd6 Qb8 
35.Qxb8 Nxb8 36.Bxc5 Bxb3 37.Nxb7 Bd5 38.Bxf8 Kxf8 39.Nc5 Ke7 40.Nh5 Kd6 
41.Nd3 Nd7 42.Kf2 Kc6 43.Nb4+ Kb5 44.Nxd5 exd5 45.Ng7 Kxa5 46.Nxf5 Kb4 47.
Ke3 Kc3 48.Nd4 a5 49.g4 Nb6 50.Ne2+ Kc4 51.f5 a4 52.Kd2 Nd7 53.Nc3 Kd4 54.
h3 Nc5 55.Kc2 Ke3 56.f6 d4 57.f7 Ne6 58.Nb1 Nf8 1/2-1/2

[Event "7th Africa-ch"]
[Site "Tripoli LBA"]
[Date "2009.07.27"]
[Round "6"]
[White "Salem, Ali Maoloud"]
[Black "Solomons, Deon"]
[Result "0-1"]
[WhiteElo "2131"]
[BlackElo "2210"]
[EventDate "2009.07.21"]
[PlyCount "104"]

1.d4 Nf6 2.Nf3 g6 3.c4 Bg7 4.Nc3 d6 5.g3 O-O 6.Bg2 Nbd7 7.O-O e5 8.e4 exd4
9.Nxd4 Re8 10.Bg5 h6 11.Bxf6 Bxf6 12.Nd5 a6 13.Qd2 Bg7 14.Rad1 Nc5 15.Rfe1
Ne6 16.Ne2 Ng5 17.f3 Ne6 18.Kh1 Rb8 19.a4 b6 20.b4 Bd7 21.Qc2 a5 22.b5 h5 
23.Ndf4 h4 24.Bh3 hxg3 25.hxg3 Qg5 26.Nxe6 Bxe6 27.Bxe6 fxe6 28.Kg2 Rf8 
29.Rd3 Rf7 30.Rh1 Qf6 31.Rh4 Rbf8 32.Rf4 Qe5 33.Rxf7 Rxf7 34.Rd1 Qc5 35.
Qd3 g5 36.Rh1 Be5 37.f4 gxf4 38.gxf4 Rg7+ 39.Kf1 Bf6 40.Rg1 Qb4 41.Rxg7+ 
Bxg7 42.f5 Qxa4 43.fxe6 Qa1+ 44.Kg2 Qe5 45.Qd5 Kf8 46.Ng3 Qxd5 47.cxd5 a4 
48.Ne2 Bb2 49.e5 dxe5 50.Kf3 a3 51.d6 cxd6 52.Ke4 a2 0-1

[Event "7th Africa-ch"]
[Site "Tripoli LBA"]
[Date "2009.07.27"]
[Round "6"]
[White "Sarwat, Walaa"]
[Black "Adly, Ahmed"]
[Result "0-1"]
[WhiteElo "2390"]
[BlackElo "2548"]
[EventDate "2009.07.21"]
[PlyCount "76"]

1.e4 c5 2.Nf3 d6 3.d4 Nf6 4.Nc3 cxd4 5.Nxd4 a6 6.Bg5 e5 7.Nb3 Be7 8.Qd2 
Be6 9.Be2 Nbd7 10.f4 h6 11.Bxf6 Nxf6 12.f5 Bxb3 13.axb3 d5 14.exd5 Bb4 15.
Qe3 O-O 16.O-O-O Qa5 17.Kb1 Rac8 18.Na2 Bc5 19.Qf3 Rfd8 20.c4 b5 21.g4 
bxc4 22.Bxc4 Bd4 23.h4 Nxd5 24.g5 Ne3 25.gxh6 Qb6 26.Qh5 Nxc4 27.hxg7 Na3+
28.Ka1 Nc2+ 29.Kb1 Kxg7 30.f6+ Qxf6 31.Nc3 Nb4 32.Qe2 Qg6+ 33.Ka1 Rxc3 34.
h5 Qc2 35.Qg4+ Kf8 36.Qg5 Rdc8 37.h6 Qxb2+ 38.Kxb2 Rc2+ 0-1

[Event "7th Africa-ch"]
[Site "Tripoli LBA"]
[Date "2009.07.27"]
[Round "6"]
[White "Van den Heever, Donovan"]
[Black "Arab, Adlane"]
[Result "1-0"]
[WhiteElo "2254"]
[BlackElo "2432"]
[EventDate "2009.07.21"]
[PlyCount "47"]

1.e4 c5 2.Nf3 d6 3.d4 cxd4 4.Nxd4 Nf6 5.Nc3 a6 6.Bc4 e6 7.Bb3 Nbd7 8.f4 
Nc5 9.O-O Nxb3 10.axb3 Be7 11.e5 dxe5 12.fxe5 Nd7 13.Bf4 O-O 14.Kh1 Qb6 
15.Rf3 Rd8 16.Rd3 Nc5 17.Rg3 f5 18.Qh5 Qb4 19.Nxf5 exf5 20.Nd5 Qd4 21.
Nxe7+ Kf8 22.Be3 Qxb2 23.Rf1 Ne4 24.Nxf5 1-0

[Event "7th Africa-ch"]
[Site "Tripoli LBA"]
[Date "2009.07.28"]
[Round "7"]
[White "Abdel Razik, Khaled"]
[Black "Amin, Bassem"]
[Result "0-1"]
[WhiteElo "2462"]
[BlackElo "2551"]
[EventDate "2009.07.21"]
[PlyCount "108"]

1.d4 Nf6 2.Nf3 e6 3.Bg5 c5 4.e3 Qb6 5.Qc1 Nc6 6.c3 d5 7.Nbd2 h6 8.Bf4 Nh5 
9.Be5 f6 10.Bd3 fxe5 11.Bg6+ Kd8 12.dxe5 Nf6 13.exf6 gxf6 14.Bd3 f5 15.Qc2
Bd7 16.h3 Rg8 17.g4 fxg4 18.hxg4 Rxg4 19.e4 Rc8 20.exd5 exd5 21.Bf5 Rg7 
22.O-O-O Nd4 23.Nxd4 cxd4 24.Bxd7 Rxd7 25.Qb3 Qf6 26.Rh3 dxc3 27.bxc3 Bg7 
28.Rf3 Rxc3+ 29.Qxc3 Qxc3+ 30.Rxc3 Bxc3 31.Nb3 b6 32.Rh1 Bg7 33.Kd2 Rf7 
34.Ke2 Re7+ 35.Kd2 Kd7 36.Nc1 Re4 37.Rh3 Bf6 38.Nd3 Rh4 39.Rf3 Bg5+ 40.Ke2
Ra4 41.a3 Ke6 42.Nb4 a5 43.Nc2 Re4+ 44.Kf1 Rc4 45.Ne1 Kd6 46.Rb3 Kc7 47.
Rd3 Kd6 48.Rb3 Kc6 49.Nd3 Bf6 50.Ke2 Rc2+ 51.Ke3 Rc3 52.Rb1 Rxa3 53.f4 Ra1
54.Rb3 b5 0-1

[Event "7th Africa-ch"]
[Site "Tripoli LBA"]
[Date "2009.07.28"]
[Round "7"]
[White "Adly, Ahmed"]
[Black "Belkhodja, Slim"]
[Result "1-0"]
[WhiteElo "2548"]
[BlackElo "2467"]
[EventDate "2009.07.21"]
[PlyCount "49"]

1.Nf3 Nf6 2.g3 g6 3.Bg2 Bg7 4.O-O O-O 5.d4 d6 6.c4 c5 7.dxc5 dxc5 8.Ne5 
Nfd7 9.Nd3 Ne5 10.Nxc5 Qc7 11.Nd3 Qxc4 12.Na3 Qe6 13.Nb5 Na6 14.Nf4 Qb6 
15.a4 Nc6 16.Be3 Qa5 17.Nd5 Be6 18.Rc1 Bxd5 19.Bxd5 Bxb2 20.Rb1 Bf6 21.Qb3
e6 22.Bf3 Rfd8 23.Rfc1 Nd4 24.Nxd4 Bxd4 25.Qb5 1-0

[Event "7th Africa-ch"]
[Site "Tripoli LBA"]
[Date "2009.07.28"]
[Round "7"]
[White "El-Zayat, Ahmed"]
[Black "Salem, Ali Maoloud"]
[Result "1/2-1/2"]
[WhiteElo "1969"]
[BlackElo "2131"]
[EventDate "2009.07.21"]
[PlyCount "71"]

1.e4 c5 2.Nf3 d6 3.d3 Nf6 4.g3 Bg4 5.Bg2 Qb6 6.c3 Nc6 7.O-O c4 8.Re1 Bxf3 
9.Bxf3 cxd3 10.Qxd3 Ne5 11.Qe2 Nxf3+ 12.Qxf3 e6 13.Nd2 Be7 14.e5 dxe5 15.
Nc4 Qc6 16.Qxc6+ bxc6 17.Nxe5 Rc8 18.Be3 Rc7 19.c4 O-O 20.Red1 h5 21.h3 c5
22.f3 Rb8 23.b3 Rb6 24.Kg2 Bd6 25.Nd3 a5 26.Bd2 Ra6 27.Bc3 a4 28.bxa4 Rxa4
29.Nb2 Ra6 30.a4 Rb7 31.a5 Rb3 32.Na4 Be7 33.Rdb1 Rxb1 34.Rxb1 Rd6 35.Rb6 
Rxb6 36.Nxb6 1/2-1/2

[Event "7th Africa-ch"]
[Site "Tripoli LBA"]
[Date "2009.07.28"]
[Round "7"]
[White "Arab, Adlane"]
[Black "Niazi, Nehad"]
[Result "1/2-1/2"]
[WhiteElo "2432"]
[BlackElo "2237"]
[EventDate "2009.07.21"]
[PlyCount "92"]

1.d4 Nf6 2.c4 g6 3.Nc3 Bg7 4.Nf3 O-O 5.Bf4 d6 6.h3 Nbd7 7.e3 b6 8.Be2 Bb7 
9.Qc2 e5 10.Bh2 exd4 11.exd4 Re8 12.O-O Ne4 13.Nxe4 Bxe4 14.Qd2 Qf6 15.Bf4
Qe7 16.Rfe1 Qf8 17.Ng5 Nf6 18.Nxe4 Nxe4 19.Qd3 c5 20.Bf3 f5 21.Bxe4 fxe4 
22.Rxe4 Bxd4 23.Rae1 Kh8 24.R1e2 Rxe4 25.Qxe4 Rd8 26.Bg5 Bf6 27.Qh4 Bxg5 
28.Qxg5 Re8 29.Rd2 Re5 30.Qh4 Kg7 31.b3 h5 32.Qg3 Qe7 33.Qc3 Kh7 34.Qd3 
Re6 35.f4 Qf6 36.Rf2 h4 37.Rf1 Qf5 38.Qf3 Re4 39.Qf2 Qf6 40.Kh1 Kg7 41.Qf3
Qf5 42.Kh2 Kf7 43.Rf2 Kg7 44.Qg4 Qf6 45.Qd7+ Re7 46.Qg4 Re4 1/2-1/2

[Event "7th Africa-ch"]
[Site "Tripoli LBA"]
[Date "2009.07.28"]
[Round "7"]
[White "El-Gindy, Essam"]
[Black "Rizouk, Aimen"]
[Result "1/2-1/2"]
[WhiteElo "2501"]
[BlackElo "2506"]
[EventDate "2009.07.21"]
[PlyCount "131"]

1.d4 Nf6 2.c4 e6 3.Nf3 b6 4.g3 Ba6 5.Qc2 Nc6 6.Bg2 Nb4 7.Qb3 d5 8.cxd5 
Qxd5 9.Qd1 Rd8 10.O-O Qe4 11.Nc3 Qc2 12.a3 Qxd1 13.Rxd1 Nbd5 14.Ne5 c5 15.
dxc5 Bxc5 16.Nxd5 exd5 17.Bg5 Rc8 18.Bxf6 gxf6 19.Nd3 d4 20.Bh3 Rd8 21.
Rac1 Bd6 22.Bg2 O-O 23.Bf3 Rfe8 24.Kf1 Re7 25.Rc2 Kg7 26.Rcd2 f5 27.Nb4 
Bxb4 28.axb4 Rc7 29.Kg2 Rc4 30.Ra1 Bb5 31.Rxa7 Rxb4 32.Rc7 Bc4 33.h4 Kf6 
34.h5 h6 35.Bb7 Kg7 36.f4 Be6 37.Bf3 Kf6 38.Rc1 Rd7 39.Ra1 Rd6 40.Kf2 Rd7 
41.Bc6 Rc7 42.Ra4 Rxa4 43.Bxa4 Rc4 44.Bb5 Rb4 45.Bc6 Rb3 46.Bf3 Rb4 47.Ke1
Ra4 48.Kd1 Rb4 49.Kc1 Bc4 50.Kd1 Bb3+ 51.Kc1 Ke6 52.Kb1 Kd6 53.Rd3 Kc5 54.
e3 dxe3 55.Rxe3 Kd4 56.Rc3 Be6 57.Kc1 Bc4 58.Bd1 Be6 59.Be2 Bd5 60.Bd1 Be4
61.Bb3 f6 62.Kd2 Rb5 63.Rc4+ Kd5 64.Rb4+ Kc5 65.Rxb5+ Kxb5 66.Kc3 1/2-1/2

[Event "7th Africa-ch"]
[Site "Tripoli LBA"]
[Date "2009.07.28"]
[Round "7"]
[White "Ezat, Mohamed"]
[Black "Solomon, Kenny"]
[Result "0-1"]
[WhiteElo "2459"]
[BlackElo "2351"]
[EventDate "2009.07.21"]
[PlyCount "90"]

1.d4 Nf6 2.c4 e6 3.Nc3 Bb4 4.e3 O-O 5.a3 Bxc3+ 6.bxc3 c5 7.Bd3 Nc6 8.Ne2 
b6 9.e4 Ne8 10.e5 Ba6 11.Be3 Na5 12.dxc5 Bxc4 13.cxb6 axb6 14.Rb1 Qc7 15.
Bxb6 Qxe5 16.O-O Nf6 17.a4 Qd5 18.Nf4 Qe5 19.g3 Bxd3 20.Qxd3 Qe4 21.Qb5 
Nc6 22.a5 Ne5 23.Ng2 Nd5 24.Rbc1 Rfc8 25.f4 Nd3 26.Rc2 Nxc3 27.Qh5 Nxf4 
28.Rxf4 Qxc2 29.Qxf7+ Kh8 30.Rf1 Qe4 31.Qxd7 Ne2+ 32.Kh1 Rc2 33.Bf2 h6 34.
a6 Rxa6 35.Qf7 Ra8 36.g4 Rc1 37.Rxc1 Nxc1 38.h3 Nd3 39.Bg3 Ra2 40.Qf1 Rc2 
41.Kh2 Kh7 42.h4 Rc1 43.Qf7 Qxg4 44.h5 Rc2 45.Kh1 Qh3+ 0-1

[Event "7th Africa-ch"]
[Site "Tripoli LBA"]
[Date "2009.07.28"]
[Round "7"]
[White "Homrana, Mustafa"]
[Black "Asabri, Hussein"]
[Result "1/2-1/2"]
[WhiteElo "2114"]
[BlackElo "2220"]
[EventDate "2009.07.21"]
[PlyCount "127"]

1.d4 Nf6 2.c4 g6 3.Nc3 Bg7 4.Nf3 O-O 5.Bg5 d6 6.e3 Nbd7 7.Be2 c6 8.O-O h6 
9.Bh4 g5 10.Bg3 Nh5 11.Rb1 a5 12.Qc2 Nxg3 13.hxg3 e5 14.Rfd1 Qe7 15.a3 f5 
16.dxe5 Nxe5 17.Nd4 f4 18.gxf4 gxf4 19.e4 Qg5 20.Nf3 Nxf3+ 21.Bxf3 Be5 22.
Kf1 Be6 23.b3 Qf6 24.Rd3 Rfc8 25.Na4 Rf8 26.Nb6 Rad8 27.Rbd1 Kh8 28.Qd2 
Qg7 29.Qxa5 Qc7 30.c5 dxc5 31.Qxc5 Bg7 32.Nc4 Rxd3 33.Rxd3 Rd8 34.Rxd8+ 
Qxd8 35.Kg1 Qd3 36.Ne5 Qxb3 37.Ng6+ Kg8 38.Qe7 Bf7 39.Nxf4 Bf8 40.Qf6 Qxa3
41.e5 Bg7 42.Qd8+ Qf8 43.Qc7 Qe8 44.Qxb7 Qxe5 45.g3 c5 46.Kg2 c4 47.Qc8+ 
Qe8 48.Qf5 Qe5 49.Qc8+ Qe8 50.Qxe8+ Bxe8 51.Bd5+ Bf7 52.Kf3 Bd4 53.Bxf7+ 
Kxf7 54.Ke2 Kf6 55.f3 Be5 56.Ke3 Kf5 57.g4+ Kf6 58.Nd5+ Kg5 59.Ke4 Bg7 60.
Ne3 c3 61.f4+ Kh4 62.Kf3 Kh3 63.Nc2 Kh4 64.f5 1/2-1/2

[Event "7th Africa-ch"]
[Site "Tripoli LBA"]
[Date "2009.07.28"]
[Round "7"]
[White "Kobese, Watu"]
[Black "Njili, Kamel"]
[Result "1-0"]
[WhiteElo "2391"]
[BlackElo "2318"]
[EventDate "2009.07.21"]
[PlyCount "95"]

1.e4 b6 2.d4 e6 3.Nf3 Bb7 4.Bd3 c5 5.Nc3 cxd4 6.Nxd4 Nc6 7.Be3 Nf6 8.O-O 
a6 9.Nxc6 Bxc6 10.e5 Nd5 11.Nxd5 Bxd5 12.c4 Bb7 13.Qg4 Qc7 14.Bd4 d6 15.
Rfe1 O-O-O 16.Be4 h5 17.Qf4 dxe5 18.Bxe5 Bd6 19.Bxb7+ Kxb7 20.Qf3+ Ka7 21.
Bxg7 Rhg8 22.Bf6 Bxh2+ 23.Kh1 Rd7 24.g3 Bxg3 25.Rg1 Qxc4 26.Rxg3 Rg4 27.b3
Qc2 28.Rxg4 hxg4 29.Qf4 e5 30.Bxe5 f6 31.Bb8+ Kb7 32.Rc1 Qh7+ 33.Kg1 Qe7 
34.Qg3 Qd8 35.Bf4 Rd1+ 36.Rxd1 Qxd1+ 37.Kh2 Qd7 38.Qg2+ Ka7 39.Qe4 a5 40.
Be3 f5 41.Qd4 Qc7+ 42.Kg1 g3 43.f4 Qc6 44.Qg7+ Ka6 45.Qxg3 Qc3 46.Bf2 Qa1+
47.Kg2 Qxa2 48.Qe3 1-0